| 000 | 00483nam a2200193Ia 4500 | ||
|---|---|---|---|
| 005 | 20230118095902.0 | ||
| 008 | 131103s9999 xx 000 0 und d | ||
| 040 | _aLoreto College | ||
| 041 | _aEnglish | ||
| 082 |
_a821.6 _bBUR-LOC |
||
| 100 | _aLockhart, J.G. | ||
| 245 |
_aLife of Robert Burns _cJ.G.Lockhart, |
||
| 260 |
_aLondon _bJ.M.Dent _c1946 |
||
| 300 | _a322p. | ||
| 504 | _aIncludes index | ||
| 650 | _aBurns, Robert - Biography | ||
| 850 | _aLCLIB | ||
| 942 | _cBK | ||
| 999 |
_c21311 _d71790 |
||